Knights of the Kingsguard Quiz Stats

Quiz not verified by Sporcle

Challenge
Share
Tweet
Score 0/12 Timer 07:00
0 Plays Today
% Correct
Ser Barristan Selmy
96.7%
Ser Arthur Dayne
95.8%
Ser Balon Swann
95.8%
Ser Loras Tyrell
95.8%
Ser Arys Oakheart
94.6%
Ser Duncan the Tall
90.4%
Prince Aemon Targaryen
78.2%
Ser Ryam Redwyne
63.6%
Ser Gwayne Corbray
55.6%
Ser Robin Darklyn
54.4%
Ser Alyn Connington
47.7%
Ser Willem Wylde
40.6%

You're not logged in!

Compare scores with friends on all Sporcle quizzes.
Sign Up with Email
OR
Log In

You Might Also Like...

Show Comments

Extras

Top Quizzes Today


Score Distribution

Your Account Isn't Verified!

In order to create a playlist on Sporcle, you need to verify the email address you used during registration. Go to your Sporcle Settings to finish the process.